000 00256 a2200097 4500
082 _a624.16 SHA
100 _aSharma,J.L.
245 _aDesign of RCC Structures /
_cJ.L.Sharma
260 _aNew Delhi :
_cSatya Prakashan,
_b2001.
300 _a480p. :
_bill . ;
_c20 cm
650 _aRCC design
999 _c1173
_d1173